000 00598cam a22002053a 4500
001 45525
003 PGUSA
005 20140828084043.0
008 140428s2014||||xxu|||||s|||||000 | eng d
040 _aPGUSA
_beng
042 _adc
100 1 _aFarjeon, B. L.
_q(Benjamin Leopold),
_d1833-1903
245 1 4 _aThe Betrayal of John Fordham
_h[electronic resource] /
_cB. L. Farjeon
260 _bProject Gutenberg,
_c2014
506 _aPublic domain in the USA.
516 _aElectronic text
830 0 _aProject Gutenberg
_v45525
856 4 0 _uhttp://www.gutenberg.org/ebooks/45525
942 _cEB
999 _c274776
_d274776